000 00902nac a22002291u 4500
090 _c2339
008 080806t xxu||||| |||| 00| 0 eng d
010 _a 2006050106
020 _a9780273683599
020 _a0273683594
082 0 0 _a302.3
_bJ1321
100 _aJackson, Norman,
245 1 0 _aRethinking organisational behavior :
_ba poststructuralist framework /
_cNorman Jackson and Pippa Carter.
250 _a2nd ed.
260 _aHarlow, Essex, England ;
_aNew York :
_bPrentice Hall/Financial Times,2007
_c2007.
300 _axi, 390 p. :
_b ill. ;
_c25 cm.
504 _aIncludes bibliographical references and index.
650 0 _aOrganizational behavior.
700 1 _aCarter, Pippa.
942 _cBB
_k302.3J1321
_2ddc
999 _c2339
_d2339